00433cam a22001337a 4500008004000000082001600040100002600056245010500082260002200187300000900209440002800218650003400246700001900280180718b1972 xxu||||| |||| 00| 0 eng d aO97x42 W673 aWilliams, Jean Morton aAbortion and contraception: a study of patients attitudescby Jean Morton Williams and Keith Hindell aLondonbPEPc1972 a62p. aBroadsheet no.536, v.38 aBirth control --Great Britain aHindell, Keith